000 00989nam a2200289 i 4500
003 EG-GICUC
005 20260505103845.0
008 260410s1931 198 |||fr|||| 00| 0 fre d
040 _aEG-GiCUC
_bfre
_cEG-GiCUC
_dEG-GiCUC
_eRda
082 0 4 _221
_a343.14
_bVI . C
092 0 4 _221
099 _aLaw1 343.14 VI . C 1931
100 1 _aVillard, Henri
_eAuteur
245 1 3 _aLe Controle De L'expertise Judiciaire en Matière Pénale /
_cHenri Villard, Préface De M. Albert Wahl.
264 1 _aParis :
_bLibrairie Générale De Droit Et De Jurisprudence,
_c1931.
300 _a104 page ;
_c 24 cm.
336 _2rda contenu
_a texte
337 _2rda medias
_aOrdinateur
338 _2 transporteur rda
_a Ressource en ligne
650 1 _aResponsabilité Pénale
_2qrmak
650 1 _aDroit De Pénal
_2qrmak
651 1 _2qrmak
700 1 _aWahl, M. Albert
_ePréfacier
856 4 0 _uhttps://fll.law.cu.edu.eg/fulltext/bks/B10-08609.pdf
905 _a54
942 _2ddc
_cBK
_e21
_n0
999 _c69956
_d69956